000 00935nam a2200217 a 4500
001 000047952
005 20201002060827.0
008 180807s2018 dr a 000 0 spa d
020 _a9789945125658
040 _aDO-SdBNP
_bspa
_cBNPHU
082 _axxxx
_bxxxx
100 1 _aEspín Grullón, Rafael Antonio
_974941
245 1 0 _aCiencias de la naturaleza :
_bfísica 6 /
_cRafael Antonio Espín Grullón ; revisión Manuel Ángel Suárez ; ilustraciones Billi J. Cena.
260 _aSanto Domingo :
_bSusaeta,
_c2018.
300 _a392 p. :
_bil. ;
_c29 cm.
500 _aEnfoque por competencias nuevo currículo
504 _aBibliografía : p. 392
505 0 _aMovimiento y fuerza --
_tConservación de la energía y de la cantidad de momento --
_tFluidos --
_tCalor y temperatura --
_tOndas --
_tElectricidad y magnetismo --
_tNociones de física moderna.
590 _aInventariado, 2018/LP
700 1 _aCena, Billi J.
_eil.
_975486
999 _c47440
_d47440